000 00467nam a2200193Ia 4500
003 OSt
005 20260316122905.0
008 250729s1997 xx 000 0 und d
020 _a978-1285738567
040 _cAL
041 _aeng
082 _a530 WILI
100 _aJerry D Wilson
_9230148
245 _aPhysics laboratory experiments
260 _aNewyork
_bHoughtonmiffin Company
_c1997
300 _a39p
650 _aScience
_9230149
942 _2ddc
_cBED
999 _c238637
_d238637